| 000 | 00336nam a22001337a 4500 | ||
|---|---|---|---|
| 008 | 181023b xxu||||| |||| 00| 0 eng d | ||
| 020 | _a2740366072737 | ||
| 041 | _aeng | ||
| 080 | _a941 | ||
| 100 | _a16 | ||
| 101 | _aHIS | ||
| 245 |
_aWays Of The World A Brief Global History With Sources _cRobert.W.S |
||
| 942 |
_2udc _cBK |
||
| 999 |
_c50579 _d50579 |
||